[Event "HUN-chT2 Breyer 2324"]
[Site "Hungary"]
[Date "2024.04.07"]
[Round "7.11"]
[White "Shen, Yiyun"]
[Black "Balogh, Fulop"]
[Result "1-0"]
[WhiteElo "1676"]
[BlackElo "1475"]
[PlyCount "67"]
[EventDate "2023.10.08"]
[EventType "team-tourn"]
[EventRounds "9"]
[EventCountry "HUN"]
[SourceTitle "EXT 2025"]
[Source "ChessBase"]
[SourceDate "2024.10.14"]
[SourceVersion "1"]
[SourceVersionDate "2024.10.14"]
[SourceQuality "1"]
[WhiteTeam "Budapest MTK II"]
[BlackTeam "Zsambek"]
[WhiteTeamCountry "HUN"]
[BlackTeamCountry "HUN"]

1. d4 d5 2. c4 e6 3. Nc3 Nf6 4. Bg5 Be7 5. cxd5 Nxd5 6. Bxe7 Qxe7 7. Nf3 Nd7 8. Nxd5 exd5 9. e3 Qb4+ 10. Qd2 Qxd2+ 11. Kxd2 c5 12. dxc5 Nxc5 13. Bb5+ Nd7 14. Rac1 a6 15. Ba4 b5 16. Bb3 Nb6 17. Nd4 Nc4+ 18. Ke2 0-0 19. h3 f5 20. g3 Rf6 21. a4 Bd7 22. axb5 axb5 23. Nc2 Bc6 24. Nb4 Rc8 25. Rhd1 Rd6 26. Rc2 Kf8 27. Ba2 g5 28. b3 Nb6 29. Rdc1 d4 30. Rxc6 Rcxc6 31. Rxc6 d3+ 32. Kd2 Nd5 33. Rxd6 Nxb4 34. Bb1 1-0

[Event "HUN-chT2 Breyer 2223"]
[Site "Hungary"]
[Date "2022.10.16"]
[Round "1.12"]
[White "Shen, Yiyun"]
[Black "Parasics, Gabor"]
[Result "1/2-1/2"]
[WhiteElo "1292"]
[BlackElo "1282"]
[PlyCount "125"]
[EventDate "2022.10.16"]
[EventType "team-tourn"]
[EventRounds "11"]
[EventCountry "HUN"]
[SourceTitle "EXT 2025"]
[Source "ChessBase"]
[SourceDate "2024.10.14"]
[SourceVersion "1"]
[SourceVersionDate "2024.10.14"]
[SourceQuality "1"]
[WhiteTeam "Budapest MTK II"]
[BlackTeam "Tatabanya"]
[WhiteTeamCountry "HUN"]
[BlackTeamCountry "HUN"]

1. d4 e6 2. Nc3 f5 3. f4 Nf6 4. g3 d5 5. Nf3 Nbd7 6. Bg2 c6 7. Qd3 Bd6 8. Ng5 Qe7 9. b3 0-0 10. 0-0 Nb6 11. Bb2 Bd7 12. Nh3 Be8 13. Nf2 Bh5 14. Bf3 Qf7 15. Bxh5 Qxh5 16. Qf3 Qg6 17. Rad1 Nbd7 18. a4 Nh5 19. Kh1 Ndf6 20. Rg1 Kh8 21. Rg2 Ng8 22. e3 Nhf6 23. Rdg1 Nh6 24. Ncd1 Rae8 25. Qe2 Nhg4 26. Nxg4 Qxg4 27. Qxg4 Nxg4 28. h3 Nf6 29. Nf2 Bb4 30. c3 Bd6 31. Ra1 Rg8 32. h4 h6 33. Ba3 Bxa3 34. Rxa3 Re7 35. Ra1 g5 36. hxg5 hxg5 37. Rh2+ Rh7 38. Rxh7+ Kxh7 39. Rg1 gxf4 40. gxf4 Rxg1+ 41. Kxg1 Kh6 42. Kh2 Kg6 43. Kh3 Ne4 44. Nxe4 dxe4 45. b4 Kf6 46. c4 Ke7 47. Kh4 b6 48. b5 Kd6 49. bxc6 Kxc6 50. Kg5 a6 51. Kf6 Kd6 52. c5+ bxc5 53. dxc5+ Kxc5 54. Kxe6 Kc4 55. Kxf5 Kd3 56. Kg4 Kxe3 57. f5 Kd3 58. f6 e3 59. f7 e2 60. f8Q e1Q 61. Qd6+ Kc3 62. Qxa6 Qe4+ 63. Kg3 1/2-1/2